Nationaltrainer europäischer Topnationen seit 2000 - Statistiken

Allgemein
  • Dieses Quiz wurde 567 mal gespielt
    76 seit der letzten Aktualisierung
  • Das Durchschnittsergebnis liegt bei 20 aus 54
Antwortstatistiken
Team Antritt Trainer % Korrekt
Deutschland 2006 Joachim Löw
99%
Deutschland 2023 Julian Nagelsmann
96%
Deutschland 2021 Hans-Dieter Flick
94%
Deutschland 2000 Rudi Völler
91%
Deutschland 2023 Rudi Völler
91%
Deutschland 2004 Jürgen Klinsmann
90%
England 2025 Thomas Tuchel
86%
Frankreich 2012 Didier Deschamps
80%
Niederlande 2000 Louis van Gaal
80%
Niederlande 2012 Louis van Gaal
80%
Niederlande 2021 Louis van Gaal
80%
England 2016 Gareth Southgate
78%
Spanien 2008 Vincente del Bosque
64%
Spanien 2018 Luis Enrique
58%
Spanien 2019 Luis Enrique
58%
Niederlande 2018 Ronald Koeman
58%
Niederlande 2023 Ronald Koeman
58%
Deutschland 1998 Erich Ribbeck
43%
Niederlande 2020 Frank de Boer
38%
Italien 2025 Gennaro Gattuso
36%
Frankreich 2010 Laurent Blanc
35%
Spanien 2022 Luis de la Fuente
35%
Italien 2014 Antonio Conte
33%
Italien 2018 Roberto Mancini
33%
Niederlande 2008 Bert van Marwijk
28%
Italien 2023 Luciano Spalletti
28%
Italien 2004 Marcelo Lippi
26%
Italien 2008 Marcelo Lippi
26%
Niederlande 2002 Dick Advocaat
25%
Niederlande 2017 Dick Advocaat
25%
Niederlande 1998 Frank Rijkaard
25%
Italien 2000 Giovanni Trapattoni
25%
England 2007 Fabio Capello
23%
Niederlande 2014 Guus Hiddink
23%
Spanien 2016 Julen Lopetegui
23%
Niederlande 2004 Marco van Basten
22%
England 2012 Roy Hodgson
20%
England 2001 Sven-Göran Eriksson
20%
Frankreich 2004 Raymond Domenech
16%
England 2006 Steve McClaren
14%
Spanien 2018 Fernando Hierro
13%
Niederlande 2015 Danny Blind
12%
Spanien 2004 Luis Aragonés
12%
Italien 1998 Dino Zoff
10%
Italien 2010 Cesare Prandelli
9%
Frankreich 1998 Roger Lemerre
9%
England 2016 Sam Allardyce
9%
Italien 2006 Roberto Donadoni
6%
England 1999 Kevin Keegan
4%
Spanien 1998 José Antonio Camacho
3%
Frankreich 2002 Jacques Santini
1%
Spanien 2019 Robert Moreno
1%
Italien 2016 Gian Piero Ventura
0%
Spanien 2002 Inaki Sáez
0%
Keine übereinstimmenden Quizze gefunden
Verteilung der Resultate
Anzahl Personen mit jedem Resultat
Perzentil nach korrekt beantworteten Fragen
Ihre Resultats-Entwicklung
Sie haben dieses Quiz seit der letzten Aktualisierung nicht gespielt